Science Quiz

Random Science Quiz

Bovine Respiatory Disease Complex Quiz Stats

 Plays Quiz not verified by Sporcle

Challenge
Share
Tweet
Embed
Score 0/9 Timer 10:00
0 Plays Today
% Correct
Mycoplasma
50%
Infectious Bovine Rhinotracheitis
50%
Bovine Respiratory Synctial Virus
42.9%
Parainfluenza 3
35.7%
Bovine Viral Diarrhea Virus
28.6%
Pasturella multocida
21.4%
Histophilus somnus
7.1%
Mannhemia hemolytica
0%
Arcanobacter pyogenes
0%

You're not logged in!

Compare scores with friends on all Sporcle quizzes.
OR
Log In

You Might Also Like...

Show Comments

Extras

Top Quizzes Today


Score Distribution

Your Account Isn't Verified!

In order to create a playlist on Sporcle, you need to verify the email address you used during registration. Go to your Sporcle Settings to finish the process.

Report this User

Report this user for behavior that violates our Community Guidelines.

Details: